000 00419nam a2200157Ia 4500
003 GCL
008 140319s9999 xx 000 0 eng d
040 _aGCL /
_cGCL
082 0 4 _a796.41071
_bW L
100 1 _aWHITEHEAD, NICK
245 1 0 _aLEARN WEIGHT TRAINING IN A WEEKEND /
_cWHITEHEAD, NICK
260 _a[S.N] :
_bDORLING KINDERSLEY ،
_c1993
300 _a95 PP
650 0 4 _aWEIGHT TRAINING
942 _2ddc
_cBK
999 _c18900
_d18900